000 00898nam a22002415i 4500
001 176503
003 ES-MaACL
005 20230906220113.0
008 110119s1962 sp a |||| | cat d
080 _a27.732.3
245 0 4 _aEls seglars davant del concili.
_nI,
_pEls seglars /
_cUseros, Tibau, Pinyol ; II, Les seglars / Paniker, Wirsing, Renau.
260 _aSarrià (Barcelona) :
_bEditorial Franciscana,
_c1962.
300 _a153 p. :
_bil. ;
_c18 cm.
490 1 _aCritèrion. Col·lecció Ideològica ;
_v16
504 _aBibliografía: p. 152-153.
546 _aTexto en castellano y en catalán.
611 2 4 _aConcilio Vaticano (
_n2º.
_d1962-1965)
_9122
700 1 _aUseros, Manuel.
_9112300
700 1 _aPaniker, Carme A. de.
_9144804
830 1 _aCritèrion. Col·lecció Ideològica ;
_v16
_9190094
852 4 _aES-MaACL
_jE-14105
_xOlim P-735
999 _c176503
_d176503